Glasgow 2014 (Record no. 120762)
[ view plain ]
| 000 -LEADER | |
|---|---|
| fixed length control field | 00807cai a22001815a 4500 |
| 001 - CONTROL NUMBER | |
| control field | E146666 |
| 008 - FIXED-LENGTH DATA ELEMENTS--GENERAL INFORMATION | |
| fixed length control field | 090213u xxk g s000 0 eng d |
| 035 ## - SYSTEM CONTROL NUMBER | |
| System control number | (Sirsi) u146666 |
| 041 0# - LANGUAGE CODE | |
| Language code of text/sound track or separate title | eng |
| 110 2# - MAIN ENTRY--CORPORATE NAME | |
| Corporate name or jurisdiction name as entry element | Scotland |
| Subordinate unit | Scottish Government |
| 9 (RLIN) | 5344 |
| 245 00 - TITLE STATEMENT | |
| Title | Glasgow 2014 |
| Medium | [electronic resource] |
| 520 ## - SUMMARY, ETC. | |
| Summary, etc. | Part of the Scottish Government's website devoted to Glasgow's bid to host the Commonwealth Games in 2014. Includes information on the Games' legacy. |
| 590 ## - LOCAL NOTE (RLIN) | |
| Local note | KA |
| 651 #4 - SUBJECT ADDED ENTRY--GEOGRAPHIC NAME | |
| Geographic name | Glasgow |
| 690 ## - LOCAL SUBJECT ADDED ENTRY--TOPICAL TERM (OCLC, RLIN) | |
| Topical term or geographic name as entry element | COMMERCIAL PROPERTY-LEISURE PROPERTY-SPORTS PROPERTY-STADIUM, ARENA AND SPORT COMPLEX PROPERTY-STADIA, ARENAS AND COMPLEXES |
| 856 40 - ELECTRONIC LOCATION AND ACCESS | |
| Uniform Resource Identifier | <a href="https://www.scotland.gov.uk/Topics/ArtsCultureSport/Sport/MajorEvents/Glasgow-2014">https://www.scotland.gov.uk/Topics/ArtsCultureSport/Sport/MajorEvents/Glasgow-2014</a> |
| Public note | View the website free of charge at www.scotland.gov.uk... |
| 942 ## - ADDED ENTRY ELEMENTS (KOHA) | |
| Suppress in OPAC | 0 |
| Withdrawn status | Lost status | Source of classification or shelving scheme | Damaged status | Not for loan | Home library | Current library | Shelving location | Date acquired | Total Checkouts | Full call number | Barcode | Date last seen | Copy number | Price effective from | Koha item type |
|---|---|---|---|---|---|---|---|---|---|---|---|---|---|---|---|
| Dewey Decimal Classification | Virtual | Virtual | Online | 13/02/2009 | WEBSITE | 146666-2001 | 06/08/2019 | 1 | 06/08/2019 | Online material |